All biomes in Slime Rancher 1 and 2 - Statistics

General Stats
  • This quiz has been taken 5 times
  • The average score is 11 of 28
Answer Stats
Slime Rancher Biomes % Correct
1 The Dry Reef
100%
1 The Grotto
100%
1 The Lab
100%
1 The Glass Desert
75%
1 The Indigo Quarry
75%
1 The Moss Blanket
75%
1 The Ranch
75%
2 Ember Valley
50%
1 Nimble Valley
50%
1 The Ancient Ruins
50%
2 The Den
50%
1 The Docks
50%
1 The Overgrowth
50%
1 The Slimeulation
50%
1 The Wilds
50%
1 Mochi's Manor
25%
1 Ogden's Retreat
25%
2 Powderfall Bluffs
25%
2 The Conservatory
25%
1 and 2 The Slime Sea
25%
2 Grey Labirynth
0%
2 Starlight Strand
0%
2 The Archway
0%
2 The Digside
0%
2 The Gully
0%
2 The Rainbow Fields
0%
2 The Tidepools
0%
1 Viktor's Workshop
0%
No matching quizzes found
Score Distribution
Percent of People with Each Score
Percentile by Number Answered
Your Score History
You have not taken this quiz